Turkestan solo : (Record no. 133789)

MARC details
000 -LEADER
fixed length control field 00702nam a22002297a 4500
005 - DATE AND TIME OF LATEST TRANSACTION
control field 20170124110215.0
010 ## - LIBRARY OF CONGRESS CONTROL NUMBER
LC control number 761755
020 ## - INTERNATIONAL STANDARD BOOK NUMBER
Terms of availability 00.00
035 ## - SYSTEM CONTROL NUMBER
System control number 761755
037 ## - SOURCE OF ACQUISITION
Source of stock number/acquisition Cen Lib/Ret
040 ## - CATALOGING SOURCE
Original cataloging agency DPL
Language of cataloging EN
082 ## - DEWEY DECIMAL CLASSIFICATION NUMBER
Classification number 915
Item number MAI
100 ## - MAIN ENTRY--PERSONAL NAME
Personal name Maillart, Ella K.
9 (RLIN) 38923
245 ## - TITLE STATEMENT
Title Turkestan solo :
Statement of responsibility, etc by Ella K. Miallart; translated by John Rodker
Remainder of title one woman's expedition from the Tien Shah to the Kizil kum /
260 ## - PUBLICATION, DISTRIBUTION, ETC. (IMPRINT)
Place of publication, distribution, etc New York
Name of publisher, distributor, etc G.P. Putnam's Sons
Date of publication, distribution, etc 1935
270 ## - ADDRESS
City New York
300 ## - PHYSICAL DESCRIPTION
Extent 305p.:
Dimensions 22cm(Hb)
Other physical details ill.
500 ## - GENERAL NOTE
General note Includes index
650 ## - SUBJECT ADDED ENTRY--TOPICAL TERM
Topical term or geographic name as entry element History
Geographic subdivision Turkemenistan
9 (RLIN) 38924
700 ## - ADDED ENTRY--PERSONAL NAME
Personal name Rodker, John
9 (RLIN) 38925
942 ## - ADDED ENTRY ELEMENTS (KOHA)
Source of classification or shelving scheme Dewey Decimal Classification
Koha item type English Books
Classification part 915
Call number suffix MAI
Holdings
Withdrawn status Lost status Damaged status Not for loan Home library Current library Date acquired Source of acquisition Cost, normal purchase price Total Checkouts Full call number Barcode Date last seen Copy number Cost, replacement price Price effective from Koha item type Public note
Written off       Central Library Central Library 27/07/2015 Cen Lib/Ret 0.00   915 MAI 761755 27/07/2015 1 0.00 27/07/2015 English Books W/d List No. 8133/15; dtd 20.2.2017

© Delhi Public Library
Hit Counter
free hit counter